[Event "Montreal op"]
[Site "Montreal CAN"]
[Date "2015.09.12"]
[Round "3.3"]
[White "Chiku-Ratte, Olivier-Kenta"]
[Black "Roussel-Roozmon, Thomas"]
[Result "1-0"]
[WhiteElo "2369"]
[BlackElo "2466"]
[PlyCount "89"]
[EventDate "2015.09.12"]
[EventType "swiss"]
[EventRounds "5"]
[EventCountry "CAN"]

1. d4 e6 2. c4 b6 3. Nf3 Bb7 4. g3 Bb4+ 5. Bd2 Bxd2+ 6. Qxd2 f5 7. Bg2 Nf6 8.
O-O O-O 9. Nc3 Ne4 10. Qc2 Nxc3 11. Qxc3 Be4 12. Rfd1 Qf6 13. Rac1 d6 14. c5
Qe7 15. cxd6 cxd6 16. d5 exd5 17. Nd4 Bxg2 18. Kxg2 Nd7 19. Qc7 f4 20. Qb7 fxg3
21. Qxd5+ Qf7 22. Qxf7+ Rxf7 23. hxg3 Nf6 24. Rc6 d5 25. Rdc1 Rd7 26. f3 h5 27.
a4 Kf7 28. f4 Re8 29. Kf3 g6 30. Rc7 Rde7 31. Rxe7+ Rxe7 32. Nc6 Re4 33. Ne5+
Kg8 34. Rc8+ Kg7 35. Rc7+ Kg8 36. Nxg6 Rxa4 37. f5 Rb4 38. Rxa7 Rxb2 39. Kf4
Rxe2 40. Kg5 Ng4 41. f6 Nxf6 42. Kxf6 Rf2+ 43. Kg5 Rf7 44. Rxf7 Kxf7 45. Kxh5
1-0

[Event "Montreal op"]
[Site "Montreal CAN"]
[Date "2015.09.13"]
[Round "4.1"]
[White "Chiku-Ratte, Olivier-Kenta"]
[Black "Sambuev, Bator"]
[Result "0-1"]
[WhiteElo "2369"]
[BlackElo "2530"]
[PlyCount "110"]
[EventDate "2015.09.12"]
[EventType "swiss"]
[EventRounds "5"]
[EventCountry "CAN"]

1. d4 d6 2. c4 e5 3. e4 exd4 4. Qxd4 Nc6 5. Qd1 g6 6. Be3 Bg7 7. Nc3 Nge7 8.
Qd2 O-O 9. O-O-O f5 10. f3 fxe4 11. fxe4 Ne5 12. h3 Be6 13. b3 c6 14. Nge2 Bxc4
15. bxc4 Nxc4 16. Qd3 b5 17. Kc2 Qa5 18. Nd4 Na3+ 19. Kc1 Rab8 20. Nb3 Qxc3+
21. Qxc3 Bxc3 22. Rxd6 Nc4 23. Bxc4+ bxc4 24. Nc5 Rb5 25. Nd7 Rf7 26. Rhd1 Rb2
27. Nc5 Rxa2 28. Rd8+ Rf8 29. Ne6 Rxd8 30. Rxd8+ Kf7 31. Ng5+ Kg7 32. Ne6+ Kf6
33. Ng5 h6 34. Rf8+ Ke5 35. Bf4+ Kd4 36. Rd8+ Nd5 37. exd5 cxd5 38. Nf3+ Ke4
39. Bd2 Bxd2+ 40. Nxd2+ Kd4 41. Rd6 g5 42. Rxh6 Kc3 43. Nb1+ Kd3 44. g4 Rc2+
45. Kd1 Rh2 46. Kc1 d4 47. Rd6 Rxh3 48. Rd5 Rg3 49. Na3 c3 50. Kb1 Rxg4 51. Rc5
Rg1+ 52. Ka2 Rg2+ 53. Kb1 g4 54. Nb5 Rg1+ 55. Ka2 c2 0-1

[Event "Montreal op"]
[Site "Montreal CAN"]
[Date "2015.09.13"]
[Round "5.3"]
[White "Zhu, Hong Rui"]
[Black "Chiku-Ratte, Olivier-Kenta"]
[Result "0-1"]
[WhiteElo "2292"]
[BlackElo "2369"]
[PlyCount "128"]
[EventDate "2015.09.12"]
[EventType "swiss"]
[EventRounds "5"]
[EventCountry "CAN"]

1. e4 c5 2. Nf3 e6 3. d4 cxd4 4. Nxd4 a6 5. Bd3 Qc7 6. O-O Nf6 7. c4 Bd6 8. h3
O-O 9. Nc3 Nc6 10. Nxc6 dxc6 11. Be3 Nd7 12. Qe2 e5 13. Rac1 Nc5 14. Bb1 a5 15.
b3 Ne6 16. Rfd1 Bc5 17. Bxc5 Nxc5 18. Qe3 b6 19. Ne2 Bb7 20. Rd2 Ne6 21. Rcd1
Rad8 22. Nc3 Rd4 23. Bd3 Rfd8 24. Be2 Qd6 25. Rd3 f6 26. g3 Nc5 27. Rxd4 exd4
28. Qf4 Qe7 29. Nb1 Qxe4 30. Qxe4 Nxe4 31. Bf3 c5 32. Bxe4 Bxe4 33. Nd2 Bd3 34.
Nf1 Be2 35. Rd2 Re8 36. Ne3 Bf3 37. Nc2 Kf7 38. Kf1 g5 39. Ne1 Bc6 40. a3 Ke6
41. Nc2 Kd6 42. a4 Be4 43. Ne1 f5 44. Re2 Bc6 45. Rxe8 Bxe8 46. f4 gxf4 47.
gxf4 Bh5 48. Nd3 Bf3 49. Ke1 Be4 50. Nc1 Bg2 51. h4 Be4 52. Kd2 Bf3 53. Nd3 Ke6
54. Ne5 Be4 55. Kc1 Bb7 56. Kd2 Bc8 57. Kc1 Kf6 58. Kd2 Kg7 59. Ke2 Kh6 60. Kf2
Kh5 61. Kg3 Bb7 62. Nd7 Be4 63. Nxb6 Bc2 64. Nd7 d3 0-1

[Event "Quebec op 3e RIDEF"]
[Site "Montreal CAN"]
[Date "2015.07.17"]
[Round "1.26"]
[White "Chiku-Ratte, Olivier-Kenta"]
[Black "Lebel Arias, Julia"]
[Result "1-0"]
[WhiteElo "2195"]
[BlackElo "1756"]
[PlyCount "55"]
[EventDate "2015.07.17"]
[EventType "swiss"]
[EventRounds "9"]
[EventCountry "CAN"]

1. d4 g6 2. c4 Bg7 3. e4 c5 4. d5 d6 5. f4 Nh6 6. Nf3 f6 7. Bd3 Nf7 8. O-O O-O
9. Nc3 Na6 10. Be3 Nc7 11. Bf2 Bg4 12. h3 Bxf3 13. Qxf3 Rb8 14. Qe2 a6 15. e5
fxe5 16. f5 Nh8 17. Be3 Qd7 18. Qg4 h5 19. Qg5 Bf6 20. Qg3 Kg7 21. fxg6 Qe8 22.
Rf5 Nxg6 23. Rxh5 Rg8 24. Rh6 Kf8 25. Rxg6 Kf7 26. Ne4 Qf8 27. Ng5+ Bxg5 28.
Qxg5 1-0

[Event "Quebec op 3e RIDEF"]
[Site "Montreal CAN"]
[Date "2015.07.18"]
[Round "2.25"]
[White "Renaux, Osmin"]
[Black "Chiku-Ratte, Olivier-Kenta"]
[Result "0-1"]
[WhiteElo "1918"]
[BlackElo "2195"]
[PlyCount "60"]
[EventDate "2015.07.17"]
[EventType "swiss"]
[EventRounds "9"]
[EventCountry "CAN"]

1. e4 c5 2. d4 cxd4 3. c3 Nf6 4. e5 Nd5 5. Bc4 Nb6 6. Bb3 Nc6 7. Nf3 d6 8. O-O
dxe5 9. cxd4 exd4 10. Re1 e6 11. Nbd2 Be7 12. Ne4 O-O 13. a3 h6 14. Qd3 e5 15.
Ng3 Qd6 16. Nf5 Bxf5 17. Qxf5 Rad8 18. Nxe5 Nxe5 19. Rxe5 Bf6 20. Re4 d3 21.
Rg4 Kh8 22. Bf4 Qc6 23. Rc1 Rfe8 24. h3 Qd7 25. Qh5 d2 26. Rd1 Re1+ 27. Kh2
Rxd1 28. Bxd1 Qd5 29. Qxd5 Nxd5 30. Bxd2 Nb6 0-1

[Event "Quebec op 3e RIDEF"]
[Site "Montreal CAN"]
[Date "2015.07.18"]
[Round "3.4"]
[White "Chiku-Ratte, Olivier-Kenta"]
[Black "Dlugy, Maxim"]
[Result "1/2-1/2"]
[WhiteElo "2195"]
[BlackElo "2516"]
[PlyCount "135"]
[EventDate "2015.07.17"]
[EventType "swiss"]
[EventRounds "9"]
[EventCountry "CAN"]

1. d4 Nf6 2. c4 g6 3. Nc3 Bg7 4. e4 d6 5. f4 O-O 6. Nf3 c5 7. d5 e6 8. Be2 exd5
9. cxd5 Bg4 10. O-O Nbd7 11. h3 Bxf3 12. Bxf3 Re8 13. g4 h6 14. e5 dxe5 15. g5
Nh7 16. f5 Nxg5 17. fxg6 fxg6 18. Bg4 e4 19. Bf4 h5 20. h4 Nf3+ 21. Bxf3 exf3
22. Bg5 Qb6 23. Qxf3 Ne5 24. Qg2 c4+ 25. Kh1 Nd3 26. Ne4 Qxb2 27. Nf6+ Bxf6 28.
Bxf6 Qxg2+ 29. Kxg2 b5 30. d6 Nc5 31. Be7 Nd7 32. Rae1 Kg7 33. Re3 Rg8 34. Ref3
Kh7 35. Bg5 Rg7 36. Rf7 Re8 37. Re7 Rgxe7 38. Bxe7 Rc8 39. Bg5 Rf8 40. Re1 Rf7
41. Re8 c3 42. Be3 c2 43. Rc8 Rf6 44. Rxc2 Rxd6 45. Bxa7 Ne5 46. Rc5 Rd2+ 47.
Kg3 Rd3+ 48. Kg2 Nf3 49. Rc7+ Kg8 50. Bf2 Nd2 51. Rc2 Ne4 52. Re2 Nc3 53. Rb2
Rd5 54. Be1 Na4 55. Rb4 Kf7 56. Kf3 Ke6 57. Rb3 Kd6 58. Bb4+ Kc6 59. Re3 Rd4
60. Re4 Kd5 61. Rxd4+ Kxd4 62. Kf4 Nc3 63. a3 Ne4 64. Be7 Kd5 65. Bb4 Kd4 66.
Be7 Kd5 67. Bb4 Kd4 68. Be7 1/2-1/2

[Event "Quebec op 3e RIDEF"]
[Site "Montreal CAN"]
[Date "2015.07.19"]
[Round "4.12"]
[White "Tardi, Oscar"]
[Black "Chiku-Ratte, Olivier-Kenta"]
[Result "0-1"]
[WhiteElo "1832"]
[BlackElo "2195"]
[PlyCount "46"]
[EventDate "2015.07.17"]
[EventType "swiss"]
[EventRounds "9"]
[EventCountry "CAN"]

1. e4 c5 2. Nf3 d6 3. d4 cxd4 4. Nxd4 Nf6 5. Nc3 g6 6. g3 Nc6 7. Bg2 Nxd4 8.
Qxd4 Bg7 9. O-O O-O 10. Bg5 h6 11. Bc1 Be6 12. a4 Nd5 13. Qd2 Nxc3 14. bxc3 Qa5
15. Ra3 Rac8 16. f4 Bxc3 17. Qd1 Bb4 18. Ra1 Qc5+ 19. Rf2 Bc3 20. Ba3 Qe3 21.
Bc1 Qd4 22. Qxd4 Bxd4 23. Ra3 Bxf2+ 0-1

[Event "Quebec op 3e RIDEF"]
[Site "Montreal CAN"]
[Date "2015.07.22"]
[Round "6.7"]
[White "Cummings, David"]
[Black "Chiku-Ratte, Olivier-Kenta"]
[Result "0-1"]
[WhiteElo "2327"]
[BlackElo "2195"]
[PlyCount "102"]
[EventDate "2015.07.17"]
[EventType "swiss"]
[EventRounds "9"]
[EventCountry "CAN"]

1. d4 Nf6 2. c4 c5 3. d5 e6 4. Nc3 exd5 5. cxd5 d6 6. e4 g6 7. f4 Bg7 8. Bb5+
Nfd7 9. Nf3 a6 10. Bd3 b5 11. O-O O-O 12. Kh1 Re8 13. a3 b4 14. axb4 cxb4 15.
Na4 Nb6 16. f5 N8d7 17. Bg5 Bf6 18. Nxb6 Qxb6 19. Bxf6 Nxf6 20. Qd2 Kg7 21. Qf4
Nh5 22. Qh4 Qe3 23. Rad1 Ra7 24. Rfe1 Qf4 25. Qf2 Rae7 26. Qd4+ f6 27. Rf1 Qh6
28. Kg1 Nf4 29. Qxb4 gxf5 30. exf5 Nxd5 31. Qxd6 Ne3 32. Rfe1 Bb7 33. Rc1 Kh8
34. Kh1 Bxf3 35. gxf3 Nxf5 36. Qb4 Qh3 37. Bf1 Ng3+ 38. Kg1 Nxf1 39. Rxe7 Rg8+
40. Kf2 Qxh2+ 41. Ke1 Ne3 42. Rg7 Qh1+ 43. Ke2 Qxc1 44. Rxg8+ Kxg8 45. Qb8+ Kg7
46. Qg3+ Kf7 47. Kd3 Nd5 48. Qb8 Nf4+ 49. Kd4 Ne6+ 50. Kd3 Qd1+ 51. Kc4 Qc2+
0-1

[Event "Quebec op 3e RIDEF"]
[Site "Montreal CAN"]
[Date "2015.07.23"]
[Round "7.3"]
[White "Chiku-Ratte, Olivier-Kenta"]
[Black "Rakotomaharo, Fy Antenaina"]
[Result "1-0"]
[WhiteElo "2195"]
[BlackElo "2450"]
[PlyCount "79"]
[EventDate "2015.07.17"]
[EventType "swiss"]
[EventRounds "9"]
[EventCountry "CAN"]

1. d4 Nf6 2. c4 g6 3. Nc3 Bg7 4. e4 d6 5. f4 O-O 6. Nf3 c5 7. d5 b5 8. cxb5 a6
9. a4 Qa5 10. Bd2 Bb7 11. Bc4 axb5 12. Nxb5 Qb6 13. Qe2 Na6 14. O-O Nb4 15. Bc3
Rfe8 16. Nd2 Ba6 17. Kh1 Reb8 18. Nb3 Bc8 19. a5 Qb7 20. e5 Bg4 21. Qf2 Ne4 22.
Qh4 Bd7 23. e6 Bxb5 24. exf7+ Kh8 25. f5 Nxc3 26. fxg6 h6 27. Rf5 Qc8 28. f8=Q+
Qxf8 29. Rxf8+ Rxf8 30. bxc3 Nc2 31. Rc1 Bxc4 32. Qxc4 Ne3 33. Qe4 Nf5 34. c4
Rab8 35. Qd3 Bb2 36. Rf1 Nd4 37. Rxf8+ Rxf8 38. Nxd4 cxd4 39. g3 Ra8 40. Qe2
1-0

[Event "Quebec op 3e RIDEF"]
[Site "Montreal CAN"]
[Date "2015.07.24"]
[Round "8.1"]
[White "Chiku-Ratte, Olivier-Kenta"]
[Black "Shoker, Samy"]
[Result "1/2-1/2"]
[WhiteElo "2195"]
[BlackElo "2477"]
[PlyCount "67"]
[EventDate "2015.07.17"]
[EventType "swiss"]
[EventRounds "9"]
[EventCountry "CAN"]

1. d4 Nf6 2. c4 d6 3. Nc3 e5 4. Nf3 Nbd7 5. e4 g6 6. Be2 Bg7 7. O-O O-O 8. Be3
h6 9. dxe5 dxe5 10. Qc1 Kh7 11. Rd1 Re8 12. Nd2 Bf8 13. Na4 Qe7 14. c5 Nb8 15.
Nc3 Nc6 16. Nb3 a5 17. Nd5 Nxd5 18. exd5 Nd4 19. Nxd4 exd4 20. Rxd4 Qxc5 21.
Rc4 Qxd5 22. Rxc7 Be6 23. Bc4 Qf5 24. Bxe6 Qxe6 25. Rxb7 Bg7 26. Qc7 Kg8 27. a4
h5 28. h3 Be5 29. Qd7 Qxd7 30. Rxd7 Bxb2 31. Rb1 Rab8 32. Bf4 Rb4 33. Bd2 Bc3
34. Rxb4 1/2-1/2

[Event "Quebec op 3e RIDEF"]
[Site "Montreal CAN"]
[Date "2015.07.25"]
[Round "9.1"]
[White "Edouard, Romain"]
[Black "Chiku-Ratte, Olivier-Kenta"]
[Result "1-0"]
[WhiteElo "2639"]
[BlackElo "2195"]
[PlyCount "129"]
[EventDate "2015.07.17"]
[EventType "swiss"]
[EventRounds "9"]
[EventCountry "CAN"]

1. d4 Nf6 2. Nf3 c5 3. d5 e6 4. c4 exd5 5. cxd5 d6 6. Nc3 g6 7. Bf4 a6 8. a4
Bg7 9. h3 O-O 10. e3 Qe7 11. Be2 Nbd7 12. O-O Ne8 13. a5 Ne5 14. Nxe5 Bxe5 15.
Bxe5 Qxe5 16. Na4 f5 17. Nb6 Rb8 18. Qb3 Nf6 19. Rad1 Nd7 20. Nc4 Qe7 21. Qc3
Qf6 22. Qa3 Ne5 23. Nd2 b5 24. axb6 Rxb6 25. f4 Nd7 26. Nc4 Rb4 27. Qa5 Qd8 28.
Qxd8 Rxd8 29. Nxd6 Rxb2 30. Rf2 Nb6 31. Nxc8 Nxc8 32. Bxa6 Rxf2 33. Kxf2 Nd6
34. Rb1 Kg7 35. Kf3 Ne4 36. Rb7+ Kh8 37. Bd3 Nd6 38. Rc7 c4 39. Bc2 Rb8 40. Rc6
Rb2 41. Rxd6 Rxc2 42. Rc6 Rd2 43. Rxc4 Rxd5 44. Rc8+ Kg7 45. Rc7+ Kg8 46. g4
Rd6 47. Re7 Ra6 48. Kg3 Ra3 49. Kh4 Kf8 50. Rxh7 fxg4 51. hxg4 Rxe3 52. Kg5 Re6
53. Rh2 Kg7 54. Rh6 Kf7 55. Rh7+ Kg8 56. Rb7 Rc6 57. Kh6 Rf6 58. Rb4 Rc6 59. g5
Re6 60. Rb7 Kf8 61. Rb8+ Kf7 62. Rb7+ Kf8 63. f5 gxf5+ 64. g6 f4 65. Kh7 1-0

[Event "Choc des Generations"]
[Site "Montreal QC"]
[Date "2015.06.27"]
[Round "2"]
[White "Chiku-Ratte, Olivier-Kenta"]
[Black "Bolduc, Steve"]
[Result "1-0"]
[WhiteElo "2125"]
[BlackElo "2188"]
[PlyCount "77"]
[EventDate "2015.06.26"]
[EventType "schev"]
[EventRounds "5"]
[EventCountry "CAN"]

1. d4 d5 2. c4 e6 3. Nc3 c6 4. e4 dxe4 5. Nxe4 Bb4+ 6. Bd2 Qxd4 7. Bxb4 Qxe4+
8. Be2 Na6 9. Bd6 e5 10. Nf3 Be6 11. O-O O-O-O 12. Nxe5 f6 13. Bf3 Qxe5 14.
Bxe5 Rxd1 15. Raxd1 fxe5 16. Rfe1 Nf6 17. Rxe5 Bxc4 18. Re7 Rg8 19. Rd6 Bd5 20.
Bxd5 Nxd5 21. Rf7 Re8 22. f4 Re7 23. Rxe7 Nxe7 24. g4 Nb4 25. a3 Nbd5 26. f5
Kc7 27. Re6 Kd7 28. Kf2 Nf4 29. Re4 Ned5 30. Kf3 Nd3 31. g5 Nxb2 32. Rh4 c5 33.
Rxh7 c4 34. Rxg7+ Ke8 35. Ke4 Ne7 36. f6 Nc6 37. g6 Nd3 38. f7+ Ke7 39. Rg8 1-0

[Event "Choc des Generations"]
[Site "Montreal QC"]
[Date "2015.06.27"]
[Round "3"]
[White "Robichaud, Louis"]
[Black "Chiku-Ratte, Olivier-Kenta"]
[Result "0-1"]
[WhiteElo "2177"]
[BlackElo "2124"]
[PlyCount "124"]
[EventDate "2015.06.26"]
[EventType "schev"]
[EventRounds "5"]
[EventCountry "CAN"]

1. e4 c5 2. d3 Nc6 3. g3 g6 4. Bg2 Bg7 5. f4 d6 6. Nc3 e6 7. Nf3 Nge7 8. O-O
O-O 9. Be3 b6 10. d4 cxd4 11. Nxd4 Ba6 12. Rf2 Na5 13. b3 Rc8 14. Qd2 Qd7 15.
f5 exf5 16. exf5 Nxf5 17. Nxf5 Bxc3 18. Nh6+ Kg7 19. Bd4+ Bxd4 20. Qxd4+ Kxh6
21. Rf4 f6 22. Rh4+ Kg7 23. Bh3 Qc6 24. Bxc8 Bxc8 25. Re1 Rf7 26. b4 g5 27.
Rhe4 d5 28. Re7 Nc4 29. Rxf7+ Kxf7 30. Qd3 f5 31. g4 Nd6 32. Re5 Qc4 33. gxf5
Qg4+ 34. Qg3 Qd4+ 35. Qe3 Qxe3+ 36. Rxe3 Bxf5 37. Ra3 Nb5 38. Rf3 Ke6 39. a4
Nd6 40. Re3+ Ne4 41. c3 Ke5 42. Rd3 h5 43. h3 g4 44. hxg4 hxg4 45. Kg2 g3 46.
Rf3 a6 47. a5 bxa5 48. bxa5 Bd7 49. Rf8 Bb5 50. Rd8 Be2 51. Rc8 Kd6 52. Kg1 Bc4
53. Kg2 Ke5 54. Kf3 Nxc3 55. Kxg3 Ke4 56. Kf2 Kd3 57. Rc6 d4 58. Ke1 Bb5 59.
Rc8 Kc2 60. Rb8 d3 61. Rd8 Kc1 62. Rd4 Nb1 0-1

[Event "Choc des Generations"]
[Site "Montreal QC"]
[Date "2015.06.28"]
[Round "4"]
[White "Chiku-Ratte, Olivier-Kenta"]
[Black "Libersan, Thierry"]
[Result "1-0"]
[WhiteElo "2124"]
[BlackElo "2125"]
[PlyCount "63"]
[EventDate "2015.06.26"]
[EventType "schev"]
[EventRounds "5"]
[EventCountry "CAN"]

1. d4 d5 2. c4 e6 3. Nc3 f5 4. Bf4 c6 5. e3 Nf6 6. Bd3 Be7 7. Nf3 O-O 8. Qc2 a6
9. h3 Ne4 10. g4 b5 11. gxf5 exf5 12. cxd5 cxd5 13. a4 Bb7 14. axb5 axb5 15.
Rxa8 Bxa8 16. Nxb5 Nc6 17. Ke2 Nb4 18. Qb3 Nxd3 19. Qxd3 Qb6 20. Bc7 Qa6 21.
Rc1 Rc8 22. Ne5 Qh6 23. Rh1 Qh5+ 24. Kf1 Bd8 25. Qe2 Qe8 26. Bxd8 Qxd8 27. Nc3
Nxc3 28. bxc3 Rxc3 29. Kg2 g6 30. Qb2 Qc7 31. Ra1 Bb7 32. Ra7 1-0

[Event "Choc des Generations"]
[Site "Montreal QC"]
[Date "2015.06.28"]
[Round "5"]
[White "Luksza, Arkadiusz"]
[Black "Chiku-Ratte, Olivier-Kenta"]
[Result "1-0"]
[WhiteElo "2124"]
[BlackElo "2125"]
[PlyCount "81"]
[EventDate "2015.06.26"]
[EventType "schev"]
[EventRounds "5"]
[EventCountry "CAN"]

1. d4 Nf6 2. Bg5 c5 3. Bxf6 gxf6 4. d5 Qb6 5. Qc1 Bh6 6. e3 f5 7. Ne2 Qf6 8. c4
d6 9. Nbc3 Nd7 10. Nb5 Ne5 11. Nf4 O-O 12. Be2 a6 13. Nc3 Ng6 14. g3 e5 15.
dxe6 fxe6 16. Qc2 Bd7 17. O-O-O Bc6 18. Rhg1 Rfd8 19. Nh5 Qe7 20. g4 f4 21. g5
Bxg5 22. h4 Bh6 23. Rxg6+ hxg6 24. Qxg6+ Bg7 25. Rg1 Be8 26. Qxg7+ Qxg7 27.
Nxg7 Kh8 28. Nxe6 Rdc8 29. Nxf4 b5 30. Ncd5 Ra7 31. h5 bxc4 32. Bxc4 Rg7 33.
Ng6+ Kh7 34. f4 Bxg6 35. hxg6+ Kh6 36. Bd3 Kh5 37. f5 c4 38. Bc2 Rc5 39. f6 Rg8
40. f7 Rf8 41. g7 1-0

[Event "Laval op"]
[Site "Laval CAN"]
[Date "2015.06.19"]
[Round "1"]
[White "Chiku-Ratte, Olivier-Kenta"]
[Black "Fan, Run Kun"]
[Result "1-0"]
[WhiteElo "2125"]
[BlackElo "1734"]
[PlyCount "51"]
[EventDate "2015.06.19"]
[EventType "swiss"]
[EventRounds "5"]
[EventCountry "CAN"]

1. d4 d5 2. c4 c6 3. Nf3 e6 4. e3 Nf6 5. Nc3 Nbd7 6. Qc2 Bd6 7. b3 O-O 8. Bd3
h6 9. O-O b6 10. Bb2 Bb7 11. Rac1 Rc8 12. Rfe1 Re8 13. e4 dxe4 14. Nxe4 Nxe4
15. Bxe4 Qc7 16. Ne5 f5 17. Bf3 Nxe5 18. dxe5 Be7 19. g4 fxg4 20. Bxg4 Bg5 21.
Rcd1 Qf7 22. c5 Qf4 23. Rd4 Qf7 24. Rd6 Rc7 25. Bd4 b5 26. Be3 1-0

[Event "Laval op"]
[Site "Laval CAN"]
[Date "2015.06.20"]
[Round "2"]
[White "Pomerantz, Daniel"]
[Black "Chiku-Ratte, Olivier-Kenta"]
[Result "0-1"]
[WhiteElo "1925"]
[BlackElo "2125"]
[PlyCount "94"]
[EventDate "2015.06.19"]
[EventType "swiss"]
[EventRounds "5"]
[EventCountry "CAN"]

1. e4 c5 2. Nf3 e6 3. d4 cxd4 4. Nxd4 a6 5. Bd3 Bc5 6. Nb3 Ba7 7. O-O Ne7 8. c4
d6 9. Qe2 Nbc6 10. Be3 O-O 11. Nc3 Qc7 12. f4 Nb4 13. Bxa7 Rxa7 14. Bb1 Ng6 15.
Kh1 Bd7 16. a3 Nc6 17. c5 dxc5 18. e5 Qb6 19. Bc2 Nd4 20. Nxd4 cxd4 21. Ne4 Bc6
22. Ng5 Rc8 23. Bd3 Raa8 24. Qh5 Qxb2 25. Qxh7+ Kf8 26. Qh3 Qc3 27. Bxg6 Qxh3
28. Nxh3 fxg6 29. Rfd1 Bd5 30. Rd2 Rc3 31. Nf2 Rac8 32. Kg1 Rc1+ 33. Rd1 Rxa1
34. Rxa1 Ke7 35. Kf1 Rc7 36. Rd1 Bc4+ 37. Kg1 Be2 38. Rb1 b5 39. Ne4 Bd3 40.
Nd6 Rc3 41. Rb4 Bc4 42. a4 d3 43. Ne4 Rc2 44. axb5 axb5 45. Rb1 d2 46. Rd1 Rc1
47. Nf2 Be2 0-1

[Event "Laval op"]
[Site "Laval CAN"]
[Date "2015.06.20"]
[Round "3"]
[White "Bolduc, Steve"]
[Black "Chiku-Ratte, Olivier-Kenta"]
[Result "0-1"]
[WhiteElo "2188"]
[BlackElo "2125"]
[PlyCount "96"]
[EventDate "2015.06.19"]
[EventType "swiss"]
[EventRounds "5"]
[EventCountry "CAN"]

1. c4 Nf6 2. g3 c5 3. Bg2 e6 4. Nf3 Be7 5. O-O Qc7 6. Nc3 a6 7. e3 O-O 8. Qe2
d6 9. b3 Nbd7 10. Bb2 Rb8 11. Ne1 b6 12. f4 Bb7 13. g4 Bxg2 14. Nxg2 Qb7 15. d3
b5 16. g5 Ne8 17. e4 Nc7 18. Rf3 f6 19. h4 g6 20. Rg3 f5 21. exf5 Rxf5 22. Rf1
Re8 23. Ne3 Rf7 24. Ng4 Bf8 25. Ne4 Rf5 26. Ngf6+ Nxf6 27. Nxf6+ Kf7 28. Nxe8
Nxe8 29. Re3 Qd7 30. Re1 Ng7 31. Bxg7 Bxg7 32. Rxe6 Be5 33. Rxe5 dxe5 34. fxe5
Qd4+ 35. Kg2 Qxh4 36. Rf1 Qxg5+ 37. Kh3 bxc4 38. d4 cxd4 39. Qxc4+ Kg7 40. Qc7+
Kh6 41. Rxf5 Qxf5+ 42. Kg3 Qd3+ 43. Kg4 Qe4+ 44. Kg3 Qe3+ 45. Kg4 d3 46. Qd6
Qe2+ 47. Kh4 Qf2+ 48. Kg4 d2 0-1

[Event "Laval op"]
[Site "Laval CAN"]
[Date "2015.06.21"]
[Round "4"]
[White "Chiku-Ratte, Olivier-Kenta"]
[Black "Duong, Thanh Nha"]
[Result "1-0"]
[WhiteElo "2125"]
[BlackElo "2277"]
[PlyCount "73"]
[EventDate "2015.06.19"]
[EventType "swiss"]
[EventRounds "5"]
[EventCountry "CAN"]

1. d4 Nf6 2. c4 c5 3. d5 e5 4. Nc3 d6 5. e4 Nbd7 6. Bd3 Be7 7. h3 h5 8. h4 Nf8
9. g3 Ng6 10. Nh3 a6 11. Ng5 Rb8 12. a4 Bd7 13. Qe2 Qc8 14. Nd1 Ng4 15. f3 Nh6
16. f4 exf4 17. gxf4 Bg4 18. Qf2 O-O 19. Ne3 Bf6 20. Qg3 Bd4 21. Nc2 Bf6 22.
O-O Re8 23. Bd2 b5 24. axb5 axb5 25. Bc3 Bxc3 26. bxc3 bxc4 27. Bxc4 Rb2 28.
Ne3 Bd7 29. Ra7 Re7 30. f5 Ne5 31. f6 Re8 32. Nxf7 Nhg4 33. Nxd6 Qb8 34. Rxd7
gxf6 35. Nxe8 Nxd7 36. Qxb8 Rxb8 37. Nxg4 1-0

[Event "Laval op"]
[Site "Laval CAN"]
[Date "2015.06.21"]
[Round "5"]
[White "Oussedik, Elias"]
[Black "Chiku-Ratte, Olivier-Kenta"]
[Result "1-0"]
[WhiteElo "2109"]
[BlackElo "2125"]
[PlyCount "89"]
[EventDate "2015.06.19"]
[EventType "swiss"]
[EventRounds "5"]
[EventCountry "CAN"]

1. d4 Nf6 2. c4 c5 3. d5 e6 4. Nc3 exd5 5. cxd5 d6 6. e4 g6 7. Bd3 Bg7 8. h3
O-O 9. Nf3 b5 10. Nxb5 Re8 11. O-O Nxe4 12. Re1 a6 13. Na3 Nf6 14. Rxe8+ Nxe8
15. Bg5 Bf6 16. Qd2 Bb7 17. Be4 Nd7 18. Nc4 Bxg5 19. Nxg5 Ndf6 20. Bf3 Nc7 21.
Qf4 Bxd5 22. Nxd6 Ne6 23. Nxe6 fxe6 24. Rd1 Ra7 25. Nc4 Rf7 26. Ne5 Rf8 27. Qe3
Qc7 28. b3 a5 29. Rc1 Rc8 30. Nd3 Kg7 31. Nxc5 Qb8 32. Bxd5 Nxd5 33. Nxe6+ Kf6
34. Rxc8 Qxc8 35. Qg5+ Kf7 36. Qxd5 Qxe6 37. Qxe6+ Kxe6 38. a3 Kd5 39. Kh2 Kd4
40. Kg3 Kc3 41. b4 axb4 42. axb4 Kxb4 43. Kf4 h6 44. Ke5 Kc3 45. Kf6 1-0

[Event "Sherbrooke op"]
[Site "Sherbrooke CAN"]
[Date "2015.05.16"]
[Round "2"]
[White "Chiku-Ratte, Olivier-Kenta"]
[Black "Larochelle, Martial"]
[Result "1-0"]
[WhiteElo "2247"]
[BlackElo "2144"]
[PlyCount "63"]
[EventDate "2015.05.15"]
[EventType "swiss"]
[EventRounds "5"]
[EventCountry "CAN"]

1. d4 f5 2. Nc3 Nf6 3. Bg5 d5 4. Bxf6 exf6 5. e3 Be6 6. Bd3 Qd7 7. Qf3 Nc6 8.
a3 Ne7 9. Nge2 c6 10. O-O-O Nc8 11. Nf4 Nd6 12. Qh3 O-O-O 13. Ng6 hxg6 14. Qxh8
Ne4 15. Bxe4 fxe4 16. f3 exf3 17. gxf3 Bxa3 18. Qh7 Bb4 19. Qxg6 Bxc3 20. bxc3
Bf5 21. Qg2 Qe7 22. Rde1 Re8 23. h4 Qa3+ 24. Kd2 c5 25. Qxg7 Qb2 26. Rc1 cxd4
27. exd4 Bd3 28. Rh2 Bb5 29. Qxf6 Qa2 30. Re1 Rxe1 31. Kxe1 Bd3 32. Qe6+ 1-0

[Event "McGill op"]
[Site "Montreal CAN"]
[Date "2015.05.01"]
[Round "1"]
[White "Chiku-Ratte, Olivier-Kenta"]
[Black "Li, Yi Lin"]
[Result "1-0"]
[WhiteElo "2133"]
[BlackElo "1786"]
[PlyCount "89"]
[EventDate "2015.05.01"]
[EventType "swiss"]
[EventRounds "5"]
[EventCountry "CAN"]

1. d4 d5 2. c4 e6 3. Nc3 Nf6 4. cxd5 exd5 5. Bg5 c6 6. Qc2 Nbd7 7. e3 Bd6 8.
Bd3 Qc7 9. Nf3 O-O 10. O-O h6 11. Bh4 b5 12. Rac1 a6 13. Bf5 Re8 14. Bxd7 Qxd7
15. Bxf6 gxf6 16. Ne2 Bb7 17. Ne1 f5 18. Nd3 Qe7 19. Nef4 Kh8 20. g3 Qg5 21.
Nc5 Bc8 22. a4 Qg7 23. Qc3 Ra7 24. axb5 axb5 25. Ra1 Rae7 26. Ncd3 Bd7 27. Ra6
Rc8 28. Rfa1 Qf8 29. Nc5 Bxf4 30. exf4 Qe8 31. Nd3 h5 32. h4 Re4 33. Ra7 Re7
34. Qc5 Kg7 35. Qd6 f6 36. Nc5 Re1+ 37. Rxe1 Qxe1+ 38. Kg2 Rd8 39. Rxd7+ Rxd7
40. Qxd7+ Kg6 41. Qe6 Qxe6 42. Nxe6 b4 43. Nd8 c5 44. dxc5 d4 45. c6 1-0

[Event "McGill op"]
[Site "Montreal CAN"]
[Date "2015.05.02"]
[Round "2"]
[White "Hambleton, Aman"]
[Black "Chiku-Ratte, Olivier-Kenta"]
[Result "1-0"]
[WhiteElo "2458"]
[BlackElo "2133"]
[PlyCount "65"]
[EventDate "2015.05.01"]
[EventType "swiss"]
[EventRounds "5"]
[EventCountry "CAN"]

1. d4 Nf6 2. c4 c5 3. d5 e6 4. Nc3 exd5 5. cxd5 d6 6. e4 g6 7. h3 Bg7 8. Nf3
O-O 9. Bd3 b5 10. Nxb5 Re8 11. Nd2 Nxe4 12. Nxe4 Bf5 13. f3 c4 14. Bc2 Qa5+ 15.
Nbc3 Bxe4 16. fxe4 Bxc3+ 17. bxc3 Qxc3+ 18. Bd2 Qd4 19. Bg5 Qc3+ 20. Kf2 Nd7
21. Qd2 Qe5 22. Rhf1 c3 23. Qf4 Qd4+ 24. Kg3 f6 25. Bxf6 Nxf6 26. Qxf6 Qd2 27.
Rf2 Qe3+ 28. Rf3 Qe2 29. Bd3 Qd2 30. Qf4 Qb2 31. Rb1 Qxa2 32. Qf7+ Kh8 33. Rb7
1-0